| 000 | 00601nam a2200205Ia 4500 | ||
|---|---|---|---|
| 003 | OSt | ||
| 005 | 20230329155918.0 | ||
| 008 | 210423s1999 xx 000 0 und d | ||
| 020 | _a8180521516 | ||
| 040 | _cAL | ||
| 041 | _aeng | ||
| 082 |
_a543 _223 _bKOCK |
||
| 100 |
_aKOCH (Karl Heinz). _979769 |
||
| 245 | _aProcess analytical chemistry: control optimization quality economy. | ||
| 260 |
_aNew York _bSpringer Pvt Ltd _c1999 |
||
| 300 |
_axi,239 _bHB |
||
| 365 |
_b11707 _cINR |
||
| 906 | _aanalytical ; chemistry: ; control ; economy. ; optimization ; Process ; quality | ||
| 942 |
_2ddc _cBK |
||
| 999 |
_c154490 _d154490 |
||